Khilaphat smaranakal / (Record no. 5230)
[ view plain ]
| 000 -LEADER | |
|---|---|
| fixed length control field | 00471cam a2200169ua 4500 |
| 041 ## - LANGUAGE CODE | |
| Language code of text/sound track or separate title | mal |
| 082 ## - DEWEY DECIMAL CLASSIFICATION NUMBER | |
| Classification number | 954.83 |
| Item number | BRA/KH |
| 100 ## - MAIN ENTRY--AUTHOR NAME | |
| Personal name | Brahmadathan Namboodiri, Muzhikkunnath . |
| 245 ## - TITLE STATEMENT | |
| Title | Khilaphat smaranakal / |
| 260 ## - PUBLICATION, DISTRIBUTION, ETC. (IMPRINT) | |
| Place of publication | Calicut : |
| Name of publisher | Navakerala Co-operative publishing , |
| Year of publication | 1965. |
| 300 ## - PHYSICAL DESCRIPTION | |
| Number of Pages | 259 ; . |
| 942 ## - ADDED ENTRY ELEMENTS (KOHA) | |
| Koha item type | Books |
| Withdrawn status | Lost status | Damaged status | Home library | Current library | Date acquired | Full call number | Accession Number | Koha item type | Public note |
|---|---|---|---|---|---|---|---|---|---|
| Withdrawn | KAUAET | Malayalam University | 07/04/2012 | 954.83 | 8715 | Books | Transferred to Malayalam University |
